书目信息 |
| 题名: |
水利工程制图
|
|
| 作者: | ;华东水利学院工程制图教研组 编 | |
| 分册: | ||
| 出版信息: | 北京 人民教育出版社 1978 |
|
| 页数: | 252页 | |
| 开本: | 26cm | |
| 丛书名: | ||
| 单 册: | ||
| 中图分类: | TV222 | |
| 科图分类: | ||
| 主题词: | 水利工程-工程制图--高等学校--教材 , 工程制图-水利工程--高等学校--教材 | |
| 电子资源: | ||
| ISBN: | ||
| 000 | 00746nam0 2200241 45 | |
| 001 | 0178001578 | |
| 005 | 20060819091552.78 | |
| 010 | @dCNY1.40 | |
| 091 | @a15012.070 | |
| 100 | @a19950727d1978 em y0chiy0121 ea | |
| 101 | 0 | @achi |
| 102 | @aCN@b110000 | |
| 105 | @ay z 000yy | |
| 200 | 10 | @a水利工程制图@Ashui li gong cheng zhi tu@f华东水利学院工程制图教研组编 |
| 210 | @a北京@c人民教育出版社@d1978 | |
| 215 | @a252页@d26cm | |
| 300 | @a高等学校试用教材 | |
| 606 | @a水利工程-工程制图@x高等学校@x教材 | |
| 606 | @a工程制图-水利工程@x高等学校@x教材 | |
| 690 | @aTV222@v3 | |
| 711 | 02 | @a华东水利学院工程制图教研组@Ahua dong shui li xue yuan gong cheng zhi tu jiao yan zu@4编 |
| 801 | 0 | @aCN@bTSSF@c20060819 |
| 905 | @a10447@dTV222@e17 | |
| 水利工程制图/华东水利学院工程制图教研组编.-北京:人民教育出版社,1978 |
| 252页;26cm |
| 高等学校试用教材 |
| ISBN :CNY1.40 |
| ● |
| 相关链接 |
|
|
|
|
正题名:水利工程制图
索取号:TV222/17
 
预约/预借
| 序号 | 登录号 | 条形码 | 馆藏地/架位号 | 状态 | 备注 |
| 1 | 0437471 | 204374710 | 密集书库/ [索取号:TV222/17] | 在馆 | |
| 2 | 0437472 | 204374729 | 密集书库/ [索取号:TV222/17] | 在馆 | |
| 3 | 0438318 | 204383185 | 密集书库/ [索取号:TV222/17] | 在馆 | |
| 4 | 0438319 | 204383194 | 密集书库/ [索取号:TV222/17] | 在馆 | |
| 5 | 0458941 | 204589418 | 密集书库/ [索取号:TV222/17] | 在馆 |